000 00803nam a2200277Ia 4500
001 429
005 20260223145046.0
008 121119s2002 sp gr 000 f spa
020 _a8437600898
020 _a9788437600895
040 _aCO-BoRNBP
_bspa
_erda
_cCO-BoRNBP
041 0 _aspa
084 _aN SAB1
100 1 _aSabato, Ernesto,
_d1911-
_969126
245 1 3 _aEl túnel
_cErnesto Sabato
250 _aPrimera edición
264 1 _aMadrid
_bEdiciones Cátedra
_c2002
300 _a168 páginas
_c19 cm.
336 _atexto
_btxt
_2rdacontent
337 _asin mediación
_bn
_2rdamedia
338 _avolumen
_bnc
_2rdacarrier
490 0 _aLetras hispánicas
650 1 4 _2LEMB
_aLiteratura argentina
_ySiglo XX
_91844
650 1 4 _2LEMB
_aNovela argentina
_ySiglo XX
_92492
942 _2loc
_cBKLIT
999 _c429
_d429